| 000 | 00640nam a22002057a 4500 | ||
|---|---|---|---|
| 005 | 20171116124623.0 | ||
| 010 | _aENG-121445 | ||
| 020 |
_a9789325992238 _c495.00 |
||
| 035 | _aEN-104977 | ||
| 037 | _bDBAD/PUB | ||
| 082 | _a000 | ||
| 100 | _aKarna, Satish K | ||
| 245 |
_aAnalog electronics : _cby Satish K. Karna _bGATE, PSUs and ES examination / |
||
| 260 |
_aNew Delhi _bS.Chand & Company _c2016 |
||
| 270 |
_a7361, Ram Nagar _bNew Delhi _e110055 |
||
| 300 |
_aVarious pagings : _c24cm(pbk) _bill |
||
| 490 | _aExam Sucess Series | ||
| 500 | _aIncludes bibliographical references | ||
| 942 |
_2ddc _cEN _h000 _mKAR |
||
| 999 |
_c147471 _d147471 |
||